000 00275nam a2200097Ia 4500
005 20251222153613.0
008 251222s9999||||xx |||||||||||||| ||spa||
082 _a657/C76
245 0 _aLa contadurya profesional ante los tratados interamericanos de libre comercio
942 _cLIB
999 _c31671
_d31671